| 000 | 00380cam a2200145ua 4500 | ||
|---|---|---|---|
| 003 | OSt | ||
| 008 | 250320b |||||||| |||| 00| 0 eng d | ||
| 082 |
_a621.942 _bBRU/EL |
||
| 100 |
_aBrushtein, B . _91752 |
||
| 245 | _aElements of Lathe Work Part-1 / | ||
| 260 |
_aMoscow : _bPeace Publishers , _c1981. |
||
| 300 | _a442 ; . | ||
| 700 | 1 |
_aDementyev, V . _91753 |
|
| 942 | _cBK | ||
| 999 |
_c10653 _d10653 |
||